| 000 | 00510nam a2200169Ia 4500 | ||
|---|---|---|---|
| 003 | GCL | ||
| 008 | 140319s9999 xx 000 0 ara d | ||
| 040 |
_aGCL / _cGCL |
||
| 082 | 0 | 4 |
_a013 _bا د |
| 245 | 1 | 0 | _aدليل الأفراد العلميين |
| 260 |
_aالقاهرة : _bاكاديميةالبحث العلمى ، _c1976 |
||
| 300 |
_a190 ص ؛ _c29 سم |
||
| 490 | _a | ||
| 650 | 0 | 4 | _aالببليوجرافيات الموضوعية |
| 650 | 0 | 4 | _aالعلماء المصريون |
| 942 |
_2ddc _cBK |
||
| 999 |
_c37887 _d37887 |
||